[Event "Le Touquet op 26th"]
[Site "Le Touquet"]
[Date "2011.10.26"]
[Round "7"]
[White "Dehesdin, Wilfried"]
[Black "Fleurquin, Boris"]
[Result "1-0"]
[WhiteElo "2128"]
[BlackElo "1935"]
[PlyCount "86"]
[EventDate "2011.10.22"]
[EventType "swiss"]
[EventRounds "9"]
[EventCountry "FRA"]
[SourceTitle "EXT 2012"]
[Source "ChessBase"]
[SourceDate "2011.11.24"]
[SourceVersion "1"]
[SourceVersionDate "2011.11.24"]
[SourceQuality "1"]

1. d4 d5 2. c4 e6 3. g3 Nf6 4. Bg2 c6 5. Nc3 Be7 6. Nf3 Nbd7 7. 0-0 0-0 8. Nd2 b6 9. e4 dxe4 10. Ndxe4 Bb7 11. Bf4 Nxe4 12. Nxe4 Nf6 13. Qd2 Qd7 14. Rad1 Rad8 15. Qc2 Qc8 16. Bg5 Qc7 17. Nxf6+ Bxf6 18. Bxf6 gxf6 19. Rfe1 Rd7 20. Qe4 f5 21. Qe3 Rfd8 22. Qg5+ Kf8 23. Qf6 Kg8 24. h4 Qd6 25. g4 Qf4 26. Re4 Qxe4 27. Bxe4 fxe4 28. h5 c5 29. h6 Kf8 30. g5 Ke8 31. g6 fxg6 32. Qxe6+ Kf8 33. d5 Rf7 34. Qxe4 Bc8 35. Qe5 Bf5 36. Qh8+ Ke7 37. Re1+ Kd7 38. Qe5 Rdf8 39. Re3 Bg4 40. f3 Bxf3 41. Qe6+ Kd8 42. Qd6+ Kc8 43. Qc6+ Rc7 1-0